|
|
|
|
| LEADER |
01230nam a2200373 a 4500 |
| 001 |
000467866 |
| 003 |
CZ BrMZK |
| 005 |
20190830195813.0 |
| 007 |
ta |
| 008 |
010907s1999 xr f f cze d |
| 020 |
|
|
|a 80-7226-250-5
|
| 040 |
|
|
|a BOA001
|b cze
|
| 072 |
|
7 |
|a 004.4/.6
|x Programování. Software
|2 Konspekt
|9 23
|
| 080 |
|
|
|a 004.42Excel
|2 MRF
|
| 080 |
|
|
|a 004.67
|2 MRF
|
| 080 |
|
|
|a 004.42
|2 MRF
|
| 080 |
|
|
|a (035)
|2 MRF
|
| 100 |
1 |
|
|a Walkenbach, John,
|d 1952-
|7 xx0005720
|4 aut
|
| 245 |
1 |
0 |
|a Microsoft Excel 2000 :
|b programování ve VBA /
|c John Walkenbach
|
| 250 |
|
|
|a Vyd. 1.
|
| 260 |
|
|
|a Praha :
|b Computer Press,
|c 1999
|
| 300 |
|
|
|a xv, 679 s. :
|b il. ;
|c 23 cm +
|e 1 CD-ROM.
|
| 490 |
1 |
|
|a Programování
|
| 490 |
1 |
|
|a Profi
|
| 650 |
0 |
7 |
|a Microsoft Excel 2000 (software)
|7 ph117860
|2 czenas
|
| 650 |
0 |
7 |
|a tabulkové procesory
|7 ph116391
|2 czenas
|
| 650 |
0 |
7 |
|a programování
|7 ph115891
|2 czenas
|
| 655 |
|
7 |
|a příručky
|7 fd133209
|2 czenas
|
| 765 |
0 |
|
|t Microsoft Excel 2000 power programming with VBA
|
| 830 |
|
0 |
|a Programování
|0 s
|
| 830 |
|
0 |
|a Profi
|0 s
|
| 910 |
|
|
|a BOA001
|b 2-1070.154
|
| 990 |
|
|
|a BK
|
| 996 |
6 |
|
|b 2610110649
|c 2-1070.154
|l MZK
|r Sklad / do 1 hodiny
|n 0
|p p.v.
|w 000467866
|u 000010
|a 1
|e BOA001
|j MZK50
|s P
|